All Pokemon Z-Moves - Statistics

General Stats
  • This quiz has been taken 107 times
  • The average score is 21 of 35
Answer Stats
Pokemon User Z-Crystal Move % Correct
Grass Type Grassium Z Bloom Doom
84%
Normal Type Normalium Z Breakneck Blitz
84%
Rock Type Rockium Z Continental Crush
79%
Fire Type Firium Z Inferno Overdrive
79%
Water Type Waterium Z Hydro Vortex
75%
Fighting Type Fightinium Z All-Out Pummeling
74%
Electric Type Electrium Z Gigavolt Havoc
72%
Tapu Koko Tapu Lele Tapu Bulu Tapu Fini Tapunium Z Guardian of Alola
68%
Dragon Type Dragonium Z Devastating Drake
67%
Ghost Type Ghostium Z Never-Ending Nightmare
67%
Ice Type Icium Z Subzero Slammer
67%
Dark Type Darkinium Z Black Hole Eclipse
65%
Mimikyu Mimikium Z Let's Snuggle Forever
65%
Cap Pikachu Pikashunium Z 10,000,000 Volt Thunderbolt
63%
Steel Type Steelium Z Corkscrew Crash
63%
Primarina Primarium Z Oceanic Operetta
63%
Ground Type Groundium Z Tectonic Rage
61%
Eevee Eevium Z Extreme Evoboost
60%
Ultra Necrozma Ultranecrozium Z Light That Burns The Sky
60%
Flying Type Flyinium Z Supersonic Skystrike
60%
Decidueye Decidium Z Sinister Arrow Raid
58%
Fairy Type Fairium Z Twinkle Tackle
58%
Poison Type Poisonium Z Acid Downpour
56%
Snorlax Snorlium Z Pulverizing Pancake
56%
Bug Type Buginium Z Savage Spin-Out
56%
Incineroar Incinium Z Malicious Moonsault
54%
Pikachu Pikanium Z Catastropika
53%
Lycanroc Lycanium Z Splintered Stormshards
53%
Psychic Type Psychium Z Shattered Psyche
51%
Mew Mewnium Z Genesis Supernova
49%
Alolan Raichu Aloraichium Z Stoked Sparksurfer
47%
Kommo-o Kommonium Z Clangorous Soulblaze
46%
Marshadow Marshadium Z Soul-Stealing 7-Star Strike
46%
LunalaDawn Wings Necrozma Lunalium Z Menacing Moonraze Maelstrom
35%
SolgaleoDusk Mane Necrozma Solganium Z Searing Sunraze Smash
33%
No matching quizzes found
Score Distribution
Percent of People with Each Score
Percentile by Number Answered
Your Score History
You have not taken this quiz